| 000 | 01769 a2200241 4500 | ||
|---|---|---|---|
| 001 | 251 | ||
| 005 | 20260407155417.0 | ||
| 008 | 260407a2010 arg spa d | ||
| 003 | AR-UNSa-BCEJYS | ||
| 040 |
_aAR-UNSa-BCEJYS _bspa _cAR-UNSa-BCEJYS |
||
| 080 |
_a658.15 _xAdministración financiera privada. Gestión financiera de empresas |
||
| 245 | 1 | 0 |
_aFinanzas corporativas _pun enfoque latinoamericano |
| 020 | _a978-987-1609-08-6 | ||
| 250 | _a2a. ed | ||
| 264 | 1 |
_aBuenos Aires : _bAlfaomega _c2010 |
|
| 300 |
_axxviii, 737 p. _c23 cm. |
||
| 505 | _a1. Fundamentos y principios de las finanzas - 2. Panorámica de los estados financieros, los impuestos y el flujo de efectivo - 3. Análisis financiero - 4. Planificación financiera de largo plazo - 5. El valor tiempo del dinero - 6. Valuación de acciones y obligaciones - 7. Riesgo y rentabilidad - 8. Modelos de valuación de activos de capital - 9. Opciones financieras y opciones reales - 10. Técnicas de evaluación de proyectos de inversión - 11. Planificación, análisis del riesgo y opciones reales del proyecto - 12. Costo de capital - 13. Teoría de la estructura de capital - 14. La estructura de capital en la práctica - 15. Creación de valor con las decisiones financieras - 16. El punto de equilibrio económico y financiero en la empresa - 17. Política y administración financiera de corto plazo - 18. Fusiones y adquisiciones - 19. Globalización financiera y finanzas internacionales - 20. Valuación de empresas en mercados emergentes | ||
| 041 | _aspa | ||
| 942 | _cBK | ||
| 590 | _aniveau_biblio:m niveau_hierar:0 | ||
| 100 | 1 | _aLópez Dumrauf, Guillermo | |
| 856 | 4 | 1 |
_uhttps://biblioeco.unsa.edu.ar/pmb/images/libros/Finanzas corporativas2-l117655.jpg _yImagen de portada _qimage/jpeg |
| 999 |
_c166 _d166 |
||